[Event "Russian Blitz Internet Cup Superfinal"]
[Site "chessassistantclub.com INT"]
[Date "2004.12.28"]
[Round "16"]
[White "Ovetchkin,R"]
[Black "Azmaiparashvili,Z"]
[Result "1-0"]
[WhiteElo "2473"]
[BlackElo "2672"]

1.e4 d6 2.d4 g6 3.Nc3 Bg7 4.f4 Nc6 5.Be3 Nf6 6.Nf3 O-O 7.e5 Ng4 8.Bg1 f6
9.h3 Nh6 10.d5 Nb8 11.Qd2 fxe5 12.fxe5 Nf5 13.Ne4 Bh6 14.Qc3 Nd7 15.e6 Nb6
16.Qb3 c6 17.c4 Ng7 18.Neg5 Bxg5 19.Nxg5 Rf5 20.Nf7 Qf8 21.Bd3 cxd5 22.Nh6+ Kh8
23.Nxf5 dxc4 24.Bxc4 Qxf5 25.Bxb6 axb6 26.Rf1 Qe5+ 27.Kf2 Bxe6 28.Bxe6 Nxe6
29.Kg1 Qd4+ 30.Kh1 Ng5 31.Rae1 e5 32.Rd1 Qc5 33.Rc1 Qd4 34.Rc7 Ne4 35.Rff7 Ng5
36.Rf1 Ne4 37.Qf3 Rg8 38.Kh2 Rg7 39.Qf8+ Rg8 40.Qh6 Ng5 41.Qxg5 e4 42.Qh6 Qe5+
43.Kh1 Qg7 44.Rxg7 Rxg7 45.Rf8+ Rg8 46.Rf7  1-0

[Event "Russian Blitz Internet Cup Superfinal"]
[Site "chessassistantclub.com INT"]
[Date "2004.12.28"]
[Round "19"]
[White "Turov,M"]
[Black "Azmaiparashvili,Z"]
[Result "1-0"]
[WhiteElo "2543"]
[BlackElo "2672"]

1.e4 d6 2.d4 g6 3.Nc3 Bg7 4.Be3 a6 5.Bc4 b5 6.Bd5 c6 7.Bb3 Nd7 8.f4 c5 9.dxc5 dxc5
10.Qd5 c4 11.Qxa8 cxb3 12.axb3 Ngf6 13.Nge2 O-O 14.Rd1 Qc7 15.e5 Bb7 16.Qa7 Ra8
17.Qd4 Bxg2 18.Rg1 Bc6 19.exf6 Nxf6 20.Qb6 Qc8 21.Nd4 Bb7 22.f5 Nd7 23.Qa5 Ne5
24.Nce2 Be4 25.Nc3 Bxf5 26.Nxf5 Qxf5 27.Rd8+ Rxd8 28.Qxd8+ Bf8 29.Bh6 Nd7
30.Bxf8 Nxf8 31.Qd3 Qe5+ 32.Qe2 Qc5 33.Rf1 Ne6 34.Qf2 Qe5+ 35.Kd1 f5 36.Re1 Qd6+
37.Qd2 Qc6 38.Nd5 Kf7 39.Kc1 Qd6 40.Nb4 Qxd2+ 41.Kxd2 Nc5 42.Ra1 Ne4+ 43.Ke3 e5
44.Rxa6 g5 45.Nd5 Kg7 46.b4 g4 47.c4 Ng5 48.cxb5 f4+ 49.Nxf4 exf4+ 50.Kxf4 Nh3+
51.Kxg4 Nf2+ 52.Kf5 Nd3 53.b6 Nxb4 54.Ra7+ Kh6 55.b7 Nc6 56.Ra6 Kh5 57.Rxc6 h6
58.b8=Q Kh4 59.Qg3+ Kh5 60.Qg4+  1-0

[Event "1st IM"]
[Site "Mataro ESP"]
[Date "2004.12.28"]
[Round "3"]
[White "Alonso Moyano,J"]
[Black "Vidarte Morales,A"]
[Result "0-1"]
[WhiteElo "2417"]
[BlackElo "2375"]

1.e4 d6 2.d4 g6 3.Nc3 Bg7 4.Be3 c6 5.Qd2 Nd7 6.a4 Ngf6 7.h3 Qc7 8.g3 O-O
9.Bg2 b6 10.Nge2 Bb7 11.O-O a6 12.f4 e5 13.g4 exd4 14.Bxd4 Rfe8 15.g5 Nh5
16.Bxg7 Nxg7 17.Rad1 d5 18.exd5 cxd5 19.Nxd5 Qc5+ 20.Rf2 Nf5 21.b4 Qc4 22.Nd4 Nh4
23.Ne7+ Rxe7 24.Bxb7 Rae8 25.Nc6 Re2 26.Qxd7 Re1+ 27.Kh2 R1e2 28.Ne5 Qxf4+  0-1

[Event "13th Donau Open"]
[Site "Aschach AUT"]
[Date "2004.12.29"]
[Round "5"]
[White "Djurkovic,M"]
[Black "Sebenik,M"]
[Result "0-1"]
[WhiteElo "2150"]
[BlackElo "2413"]

1.d4 d6 2.e4 g6 3.Nc3 Bg7 4.g3 Nc6 5.Be3 Nf6 6.h3 e5 7.Nge2 d5 8.Bg5 dxe4
9.d5 Ne7 10.Bxf6 Bxf6 11.Nxe4 Bg7 12.Bg2 Nxd5 13.c4 Nf6 14.Qxd8+ Kxd8 15.O-O-O+ Ke7
16.Nxf6 Bxf6 17.Nc3 c6 18.Ne4 Be6 19.Nc5 Bf5 20.Rhe1 Rhd8 21.Nxb7 Rxd1+ 22.Kxd1 Rb8
23.Bxc6 Bc8 24.Nd6 Kxd6  0-1

[Event "Stepchev Memorial"]
[Site "Kiev UKR"]
[Date "2004.12.29"]
[Round "9"]
[White "Kernazhitsky,L"]
[Black "Semenov,D UKR"]
[Result "1-0"]
[WhiteElo "2377"]
[BlackElo "2342"]

1.e4 g6 2.d4 Bg7 3.Nc3 d6 4.Be3 c6 5.Qd2 b5 6.Bd3 e5 7.dxe5 dxe5 8.Nf3 Nd7
9.O-O Ngf6 10.h3 O-O 11.Rfe1 Bb7 12.a4 a6 13.Ne2 c5 14.axb5 axb5 15.Rxa8 Qxa8
16.Bxb5 Bxe4 17.Bxd7 Rd8 18.Nxe5 Bxg2 19.Nf4 Bh1 20.f3 Nxd7 21.Nxd7 Bxf3
22.Bxc5 Bc6 23.Re7 h5 24.Bb6 Qa1+ 25.Kf2 Ra8 26.Qe1 Qxb2 27.Re8+ Kh7 28.Rxa8 Bxa8
29.Qd2 Qa1 30.Nd5 Qh1 31.N7f6+ Kh8 32.Qf4 Bxf6 33.Qh6+  1-0

[Event "Lidums Australian Open"]
[Site "Mount Buller AUS"]
[Date "2004.12.29"]
[Round "2"]
[White "Stojic,D"]
[Black "Kengis,E"]
[Result "0-1"]
[WhiteElo "2025"]
[BlackElo "2543"]

1.e4 g6 2.d4 Bg7 3.Nc3 d6 4.Nf3 a6 5.a4 Nf6 6.Bc4 O-O 7.Qe2 Nc6 8.e5 dxe5
9.dxe5 Ng4 10.e6 fxe6 11.Bxe6+ Kh8 12.Ng5 Nd4 13.Qxg4 Nxc2+ 14.Ke2 Nd4+ 15.Ke1 Nxe6
16.Nxe6 Qd6 17.Bf4 Bxe6 18.Bxd6 Bxg4 19.Bxc7 Rac8 20.Ba5 Rf5 21.h3 Rxa5 22.hxg4 Rxc3
23.bxc3 Bxc3+ 24.Ke2 Bxa1 25.Rxa1 b5 26.Rc1 Rxa4 27.Rc7 Re4+ 28.Kf3 Re6 29.Kf4 Kg7
30.g5 Kf7 31.Rb7 Re2 32.Kf3 Re5 33.Ra7 Rf5+ 34.Ke3 Rxg5 35.g3 Re5+  0-1

[Event "20th Open"]
[Site "Nice FRA"]
[Date "2004.12.30"]
[Round "7"]
[White "Tournier,Math"]
[Black "Issermann,R"]
[Result "0-1"]
[WhiteElo "2205"]
[BlackElo "2325"]

1.e4 g6 2.d4 Bg7 3.Nc3 d6 4.Nge2 Na6 5.g3 c5 6.Bg2 cxd4 7.Nxd4 Nf6 8.O-O O-O
9.h3 Nc5 10.Be3 Bd7 11.Re1 Rc8 12.Nb3 b6 13.Bd4 Ne6 14.e5 dxe5 15.Bxe5 Ng5
16.Kh2 Bc6 17.Qxd8 Rfxd8 18.Nd4 Bxg2 19.Kxg2 Nd5 20.Nxd5 Rxd5 21.Bxg7 Kxg7
22.c3 e5 23.Nb3 f6 24.Rad1 Rcd8 25.Rxd5 Rxd5 26.c4 Rd3 27.Rc1 Kf7 28.c5 bxc5
29.Rxc5 Rd7 30.Ra5 Ne6 31.Kf3 Ke7 32.Ke4 Ng5+ 33.Ke3 Nxh3 34.Nc5 Rc7 35.b4 Ng5
36.Ra6 f5 37.a4 Nf7 38.f4 exf4+ 39.Kxf4 Nd6  0-1

[Event "34th Rilton Cup"]
[Site "Stockholm SWE"]
[Date "2004.12.30"]
[Round "4"]
[White "Ong,Kez"]
[Black "Backmann,M"]
[Result "1-0"]
[WhiteElo "2325"]
[BlackElo "2106"]

1.e4 g6 2.d4 Bg7 3.Nc3 d6 4.Nge2 a6 5.a4 b6 6.g3 Bb7 7.Bg2 e6 8.O-O Ne7 9.Bg5 h6
10.Be3 O-O 11.Qd2 Kh7 12.f4 Qc8 13.d5 exd5 14.exd5 c5 15.f5 Nd7 16.Ne4 Nxf5
17.Rxf5 gxf5 18.Nxd6 Qc7 19.Nxb7 Qxb7 20.d6 Qa7 21.Rf1 Rae8 22.Rxf5 Ne5 23.b3 Ng4
24.Bf4 b5 25.c4 bxc4 26.bxc4 Qb6 27.Qd3 Kg8 28.Bf3 Bd4+ 29.Nxd4 Re1+ 30.Kg2 Qb2+
31.Qd2 Qa1 32.Bxg4 Rg1+ 33.Kh3 Qf1+ 34.Kh4 Rg2 35.Bh3 Rxh2 36.Qxh2 Qxc4 37.Qe2 Qxd4
38.Qg4+ Kh7 39.Qh5 Qg7 40.Rg5 Qf6 41.Bf5+ Kh8  1-0

[Event "13th Donau Open"]
[Site "Aschach AUT"]
[Date "2004.12.31"]
[Round "7"]
[White "Butunoi,A"]
[Black "Priborsky,I"]
[Result "1/2-1/2"]
[WhiteElo "2372"]
[BlackElo "2188"]

1.e4 g6 2.d4 Bg7 3.Nc3 d6 4.Be3 a6 5.g3 b6 6.Bg2 Bb7 7.Nge2 Nd7 8.O-O c5
9.f4 Qc7 10.h3 cxd4 11.Bxd4 Bxd4+ 12.Nxd4 Ngf6 13.Kh2 O-O 14.Re1 e5 15.Nb3 Rfe8
16.Qf3 b5 17.a3 Re7 18.Rad1 Rae8 19.f5 Kg7 20.Rd2 Nb6 21.Na5 Ba8 22.g4 g5
23.h4 h6 24.hxg5 hxg5 25.Kg3 Na4 26.Qe3 Nh7 27.f6+ Kxf6 28.Rh1 Kg7 29.Bf3 f6
30.Rdh2 Nf8 31.Rh5 Nb6 32.Nd5 Nxd5 33.exd5 e4 34.Nc6 exf3 35.Qd3 Ng6 36.Nxe7 Nxe7
37.Rh7+ Kf8  1/2-1/2

[Event "Open A"]
[Site "Krakow POL"]
[Date "2004.12.31"]
[Round "5"]
[White "Kasperek,Ry"]
[Black "Walther,C"]
[Result "0-1"]
[WhiteElo "2243"]
[BlackElo "2152"]

1.e4 g6 2.d4 Bg7 3.Nc3 d6 4.f4 c6 5.Nf3 Bg4 6.Be3 Qb6 7.Qd2 Bxf3 8.gxf3 Qa5
9.O-O-O Nd7 10.Rg1 Bh6 11.f5 Bxe3 12.Qxe3 O-O-O 13.Bh3 Kb8 14.f4 Nb6 15.d5 c5
16.Bf1 a6 17.fxg6 hxg6 18.h3 Nh6 19.Rg5 Nd7 20.Be2 b5 21.a3 b4 22.axb4 cxb4
23.Nb1 Rc8 24.f5 gxf5 25.exf5 Ne5 26.Rh5 Qc5 27.Qxc5 Rxc5 28.Bxa6 f6 29.Rd4 b3
30.Nc3 bxc2 31.Kxc2 Nhf7 32.Rxh8+ Nxh8 33.b4 Rc7 34.Kb3 Nhf7 35.Be2 Nh6 36.Rf4 Rc8
37.Nb5 Rg8 38.Nd4 Rg3+ 39.Ka4 Rxh3 40.Nc6+ Kc7 41.Nxe7 Re3 42.Bd1 Nd3 43.Rd4 Nb2+
44.Ka5 Nxd1 45.Rc4+ Kb7 46.Rh4 Rxe7 47.Rxh6 Rf7 48.Rh3 Nf2 49.Re3 Ng4 50.Re6 Nh6
51.Rxd6 Nxf5 52.Rb6+ Kc7 53.Rc6+ Kd7 54.Ra6 Ne7 55.Ra7+ Kd6 56.Ka6 Rf8 57.b5 Nxd5
58.Rg7 Nc7+ 59.Kb6 Rb8+  0-1

[Event "34th Rilton Cup"]
[Site "Stockholm SWE"]
[Date "2004.12.31"]
[Round "5"]
[White "Furhoff,J"]
[Black "Nyback,T"]
[Result "0-1"]
[WhiteElo "2338"]
[BlackElo "2554"]

1.e4 g6 2.d4 Bg7 3.Nc3 d6 4.Nf3 Nf6 5.Be2 O-O 6.O-O c6 7.Re1 Nbd7 8.a4 e5
9.Bc4 exd4 10.Nxd4 Re8 11.Ba2 Nc5 12.f3 d5 13.exd5 Rxe1+ 14.Qxe1 Nxd5 15.Bxd5 cxd5
16.Be3 b6 17.Rd1 Bb7 18.Qd2 Qd7 19.b3 Rc8 20.Nce2 Ba6 21.Nf4 Re8 22.Qf2 Qd6
23.Bc1 Be5 24.Qh4 f6 25.Nfe2 Ne6 26.Be3 Qc5 27.Qf2 Bxe2 28.Nxe6 Qxc2 29.Rc1 Qb2
30.Re1 Rxe6 31.Rxe2 Qxb3 32.f4 Bd4 33.Bxd4 Qd1+  0-1

[Event "34th Rilton Cup"]
[Site "Stockholm SWE"]
[Date "2004.12.31"]
[Round "5"]
[White "Hagberg,M"]
[Black "Backmann,M"]
[Result "0-1"]
[WhiteElo "2203"]
[BlackElo "2106"]

1.e4 g6 2.d4 Bg7 3.Nc3 d6 4.g3 c6 5.Bg2 b5 6.h3 Bb7 7.Nf3 b4 8.Ne2 c5 9.d5 Nf6
10.Nh2 O-O 11.O-O a5 12.g4 Nfd7 13.a3 Ba6 14.f4 Nb6 15.Kh1 Nc4 16.axb4 axb4
17.Rb1 Qa5 18.c3 Qa2 19.Bd2 Nxd2 20.Qxd2 Bxe2 21.Qxe2 bxc3 22.e5 Nd7 23.Qb5 Rfb8
24.Qxd7 Rxb2 25.Be4 Rxh2+ 26.Kg1 Rxh3 27.g5 Qh2+  0-1

[Event "Czech Christmas"]
[Site "Litomysl CZE"]
[Date "2005.01.01"]
[Round "8"]
[White "Bartel,Mi"]
[Black "Karlik,V"]
[Result "1/2-1/2"]
[WhiteElo "2202"]
[BlackElo "2332"]

1.e4 g6 2.d4 Bg7 3.Nc3 d6 4.Nge2 Nf6 5.g3 O-O 6.Bg2 e5 7.h3 exd4 8.Nxd4 Bd7
9.O-O Nc6 10.Nde2 Re8 11.g4 Be6 12.Ng3 Bc4 13.Re1 d5 14.Bg5 d4 15.Nd5 Bxd5
16.exd5 Rxe1+ 17.Qxe1 Ne7 18.Rd1 h6 19.Bxf6 Bxf6 20.c4 dxc3 21.bxc3 Bh4 22.Ne4 Nc8
23.Qe3 Nd6 24.Qd4 Qe7 25.c4 b6 26.Rd3 Re8  1/2-1/2

[Event "Open A"]
[Site "Krakow POL"]
[Date "2005.01.02"]
[Round "6"]
[White "Szoen,D"]
[Black "Zielinska,Mar"]
[Result "1-0"]
[WhiteElo "2441"]
[BlackElo "2395"]

1.e4 d6 2.d4 g6 3.Nc3 Bg7 4.Be2 a6 5.Be3 e6 6.Qd2 b6 7.h4 h6 8.f4 Bb7 9.h5 gxh5
10.Bxh5 Nd7 11.O-O-O Ndf6 12.Bf3 Ne7 13.g4 Qd7 14.f5 Nfg8 15.Qg2 e5 16.Nge2 b5
17.g5 hxg5 18.Bxg5 Rxh1 19.Rxh1 Nf6 20.Be3 Bf8 21.Rh8 O-O-O 22.d5 b4 23.Nd1 c6
24.Qg5 Neg8 25.Rxg8 Nxg8 26.Qxg8 cxd5 27.exd5 Kb8 28.Qg4 Qb5 29.Qe4 Rc8 30.b3 Be7
31.Kb1 Rh8 32.c4 Qd7 33.c5 Rh4 34.Bg4 dxc5 35.Bf2 Bxd5 36.Qxe5+ Bd6 37.Qxd5 Rxg4
38.Bxc5 Kc7 39.Ne3 Rh4 40.Bxd6+ Qxd6 41.Qxf7+ Kb8 42.Qg8+ Ka7 43.Qg7+ Ka8
44.Qg2+ Ka7 45.Nd5 Qh6 46.Qg6  1-0

[Event "Open A"]
[Site "Krakow POL"]
[Date "2005.01.02"]
[Round "7"]
[White "Kuziola,M"]
[Black "Walther,C"]
[Result "1-0"]
[WhiteElo "2273"]
[BlackElo "2152"]

1.e4 g6 2.d4 Bg7 3.Nc3 d6 4.Nge2 b6 5.Be3 Ba6 6.Qd2 Nd7 7.f3 e5 8.O-O-O h6
9.g4 Ne7 10.h4 exd4 11.Nxd4 Bxf1 12.Rhxf1 Ne5 13.Qe2 Qd7 14.Nd5 Nxd5 15.exd5 O-O
16.h5 g5 17.Nf5 Rfe8 18.f4 gxf4 19.Rxf4 b5 20.Qf2 Kh7 21.Nxg7 Kxg7 22.Rf1 Re7
23.Bd4 Rf8 24.Rf6 Qxg4 25.Rg6+  1-0

[Event "1st GM"]
[Site "Mataro ESP"]
[Date "2005.01.02"]
[Round "6"]
[White "Barrientos,S"]
[Black "Comas Fabrego,L"]
[Result "1/2-1/2"]
[WhiteElo "2435"]
[BlackElo "2509"]

1.e4 d6 2.d4 g6 3.Nc3 Bg7 4.Nf3 a6 5.Be3 b5 6.Bd3 Nd7 7.O-O Bb7 8.a4 b4 9.Ne2 Ngf6
10.Ng3 O-O 11.c3 bxc3 12.bxc3 c5 13.a5 Qc7 14.Qe2 e6 15.Nd2 h5 16.Rfb1 Rab8
17.Bxa6 Ba8 18.Rxb8 Rxb8 19.h4 Ng4 20.Ngf1 cxd4 21.cxd4 Nxe3 22.fxe3 Nf6
23.Bd3 Qc3 24.Ra4 Bh6 25.a6 Kg7 26.Rc4 Qa1 27.Rc7 Ng4 28.Nc4 Qc1 29.Qf3 Rf8
30.Qg3 d5 31.exd5 exd5 32.Nd6 Bxe3+ 33.Qxe3 Qxc7 34.Ne8+ Rxe8 35.Qxe8 Qf4
36.Qa4 Bc6 37.Qa1 Qf2+ 38.Kh1 Qxh4+ 39.Kg1 Qf2+ 40.Kh1 Qh4+ 41.Kg1 Qf2+ 42.Kh1 Qf4
43.Kg1  1/2-1/2

[Event "34th Rilton Cup"]
[Site "Stockholm SWE"]
[Date "2005.01.03"]
[Round "7"]
[White "Adler,B"]
[Black "Backmann,M"]
[Result "0-1"]
[WhiteElo "2192"]
[BlackElo "2106"]

1.e4 g6 2.d4 Bg7 3.Nc3 d6 4.f4 a6 5.Nf3 b5 6.Bd3 Bb7 7.O-O Nf6 8.e5 Nd5 9.e6 f5
10.a4 O-O 11.axb5 axb5 12.Rxa8 Bxa8 13.Nxb5 c6 14.Na3 Qc8 15.Qe1 c5 16.dxc5 Qxc5+
17.Qf2 Qc8 18.Re1 Nf6 19.Nb5 Be4 20.h3 Qxe6 21.Ng5 Qd7 22.Nd4 d5 23.Nge6 Rc8
24.Nxg7 Kxg7 25.Bd2 Qb7 26.Bc3 Kg8 27.Ra1 Nbd7 28.Qe1 Ra8 29.Rxa8+ Qxa8 30.Bb5 Nc5
31.b4 Nb7 32.Bc6 Qb8 33.b5 Nd6 34.Qa1 Kf7 35.Qa6 Nc4 36.g3 g5 37.Qa8 Qd6
38.Ne2 gxf4 39.Nxf4 Qc5+ 40.Kf1 Ne3+  0-1

[Event "XI Open A"]
[Site "Bosnjaci CRO"]
[Date "2005.01.04"]
[Round "2"]
[White "Zufic,M"]
[Black "Nevednichy,V"]
[Result "1-0"]
[WhiteElo "2370"]
[BlackElo "2552"]

1.e4 g6 2.d4 Bg7 3.Nc3 d6 4.Be3 a6 5.f4 b5 6.Nf3 Bb7 7.Bd3 Nd7 8.e5 Nh6 9.Qe2 Nb6
10.a4 b4 11.Ne4 O-O 12.O-O a5 13.Nfg5 Qd7 14.b3 f6 15.Nf3 Nd5 16.Bd2 Qc6
17.Ng3 dxe5 18.fxe5 f5 19.Kh1 Qb6 20.Qe1 e6 21.Ne2 Nf7 22.Qh4 h6 23.Qg3 g5
24.h4 g4 25.Nh2 Rad8 26.Nxg4 fxg4 27.Qxg4 Ba6 28.Ng3 Bxd3 29.Nh5 Ng5 30.cxd3 Ne7
31.hxg5 Qxd4 32.Rxf8+ Bxf8 33.Qxe6+ Kh7 34.Qf7+ Kh8 35.Rf1 Qh4+ 36.Kg1 Qd4+
37.Rf2 Qa1+ 38.Kh2 Qxe5+ 39.Bf4 Qc5 40.Qf6+ Kh7 41.Qf7+ Kh8 42.Nf6  1-0

[Event "Open A"]
[Site "Krakow POL"]
[Date "2005.01.04"]
[Round "9"]
[White "Di Paolo,R"]
[Black "Zielinska,Mar"]
[Result "0-1"]
[WhiteElo "2323"]
[BlackElo "2395"]

1.e4 g6 2.d4 Bg7 3.Nc3 d6 4.Be3 a6 5.Qd2 Nd7 6.h4 Ndf6 7.f3 e6 8.O-O-O b6
9.g4 h5 10.g5 Nd7 11.f4 Ne7 12.Bh3 Bb7 13.Nge2 b5 14.Ng3 Nb6 15.b3 a5 16.Rhf1 a4
17.f5 axb3 18.cxb3 b4 19.Nce2 exf5 20.exf5 Qd7 21.Nf4 Qc6+ 22.Kb1 Nbd5 23.Rc1 Nc3+
24.Rxc3 bxc3 25.Qc2 gxf5 26.Nfxh5 Kf8 27.Bxf5 Qg2 28.Be6 Qxf1+ 29.Nxf1 Rxh5
30.Qf2 Be4+ 31.Kc1 Bg6 32.Bg4 Rxh4 33.Qxh4 Rxa2 34.Kd1 Bd3 35.Ng3 Re2 36.Bc1 Bxd4
37.Bxe2  0-1

[Event "34th Rilton Cup"]
[Site "Stockholm SWE"]
[Date "2005.01.04"]
[Round "8"]
[White "Karlsson,T"]
[Black "Norberg,J"]
[Result "0-1"]
[WhiteElo "2267"]
[BlackElo "2195"]

1.e4 g6 2.d4 Bg7 3.Nc3 d6 4.f4 Nf6 5.Nf3 c5 6.d5 O-O 7.Bd3 e6 8.dxe6 fxe6
9.O-O Nc6 10.a3 d5 11.e5 Ng4 12.Ng5 Nh6 13.b3 Qe7 14.Bd2 a6 15.Ne2 b6 16.c4 Bb7
17.Nc3 Nd4 18.Ra2 Rad8 19.Qb1 Nf7 20.Nh3 Qh4 21.Be1 Qh5 22.cxd5 exd5 23.Ne2 Bc8
24.Nxd4 cxd4 25.Be2 Qh6 26.Qd1 g5 27.Bg3 Bxh3 28.gxh3 gxf4 29.Bxf4 Qg6+ 30.Bg3 Nxe5
31.Bh5 Rxf1+ 32.Kxf1 Qe4 33.Rg2 Rf8+ 34.Kg1 d3 35.Bf2 Kh8 36.Bxb6 Bh6 37.Rg3 d4  0-1

[Event "GM"]
[Site "Augsburg GER"]
[Date "2005.01.06"]
[Round "11"]
[White "Arnold,L"]
[Black "Renner,Christo"]
[Result "0-1"]
[WhiteElo "2340"]
[BlackElo "2398"]

1.e4 d6 2.d4 g6 3.Nc3 Bg7 4.f4 a6 5.Nf3 b5 6.Bd3 Bb7 7.e5 Nd7 8.Ne4 c5 9.Nfg5 Bd5
10.Nc3 Bxg2 11.e6 Bxh1 12.exf7+ Kf8 13.Ne6+ Kxf7 14.Nxd8+ Rxd8 15.dxc5 Nxc5
16.a3 Nh6 17.Be3 Nxd3+ 18.Qxd3 Nf5 19.O-O-O Bb7 20.Bd2 Rc8 21.Ne4 h6 22.Ng3 Rc4
23.Nxf5 gxf5 24.Qxf5+ Bf6 25.Re1 Bc8 26.Qd5+ Kf8 27.Bb4 Rd4 28.Qa8 Kf7 29.Qa7 Re8
30.c3 Rd3 31.Rd1 Rxd1+ 32.Kxd1 Rg8 33.Kc1 Kf8 34.Qa8 Kf7 35.Qd5+ Be6 36.Qh5+ Kg7
37.Qe2 Bc4 38.Qf2 Kh8 39.Qa7 Rg4 40.Qxa6 Rxf4 41.Qa8+ Kg7 42.Qg2+ Bg5 43.Kc2 Rf1
44.b3 Rc1+ 45.Kb2 Bd3 46.h4 Rc2+ 47.Qxc2 Bxc2 48.hxg5 h5 49.c4 h4 50.Be1 h3
51.Bg3 Bd3 52.cxb5 Bxb5 53.a4 Be2 54.b4 Kg6 55.Kc3 Kxg5 56.b5 Kg4 57.Bh2 Kf3
58.Kb4 Kg2 59.b6 Ba6 60.Ka5 Bb7  0-1

[Event "Lidums Australian Open"]
[Site "Mount Buller AUS"]
[Date "2005.01.07"]
[Round "9"]
[White "Ly,M"]
[Black "Dizdarevic,M"]
[Result "1-0"]
[WhiteElo "2056"]
[BlackElo "2127"]

1.e4 d6 2.d4 g6 3.Nc3 Bg7 4.f4 Nf6 5.Nf3 c5 6.e5 Nfd7 7.Bc4 Nb6 8.Bb5+ Bd7
9.dxc5 dxc5 10.Be3 Qc8 11.Qe2 O-O 12.O-O-O Bxb5 13.Qxb5 Na6 14.h4 Qg4 15.Rdg1 h5
16.Nh2 Qf5 17.g4 hxg4 18.Nxg4 Nb4 19.Qe2 N6d5 20.Nxd5 Nxd5 21.h5 Rfd8 22.hxg6 fxg6
23.Nh6+ Bxh6 24.Rxh6 Qe4 25.Rhxg6+ Kf8 26.Rg8+ Kf7 27.R1g7+ Ke6 28.Qg4+ Qf5
29.Rg6+ Nf6 30.Rxd8 Qxg4 31.Rxg4 Nxg4 32.Rxa8 Nxe3 33.Rxa7 Nd5 34.Rxb7 Nxf4
35.a4 Nd5 36.a5 Nb4 37.Rxb4  1-0

[Event "TCh-BEL2 2004-5"]
[Site "Belgium BEL"]
[Date "2005.01.09"]
[Round "6"]
[White "Weemaes,R"]
[Black "Van Beurden,B"]
[Result "1-0"]
[WhiteElo "2308"]
[BlackElo "2102"]

1.d4 d6 2.e4 g6 3.Nc3 Bg7 4.Nf3 Nf6 5.Be2 O-O 6.O-O Bg4 7.Be3 Nc6 8.d5 Bxf3
9.Bxf3 Ne5 10.Be2 c6 11.f4 Ned7 12.dxc6 bxc6 13.Qd3 Qa5 14.Rab1 Rab8 15.a3 Rfd8
16.b4 Qc7 17.a4 a5 18.b5 c5 19.g4 Nb6 20.g5 Nfd7 21.Nd5 Nxd5 22.exd5 Nb6
23.f5 Be5 24.Bg4 Kg7 25.f6+ exf6 26.gxf6+ Kh8 27.c4 Re8 28.Rf3 Qd8 29.Rbf1 Nd7
30.Kh1 Bb2 31.Bf4 Ne5 32.Bxe5 Rxe5 33.Qd2 Bd4 34.Qh6 Qf8 35.Qg7+ Qxg7 36.fxg7+ Kxg7
37.Rxf7+ Kh6 38.Rd7 Re4 39.Bf3 Rh4 40.Rxd6 Be5 41.Re6 Bxh2 42.Kg2 Bc7 43.d6 Bd8
44.Bd5 Bg5 45.Rf7 Rf4 46.Ree7 Rxf7 47.Rxf7 Bd8 48.Kf3 Kg5 49.Ke4 h5 50.Be6 Kh4
51.Kd5 Kg3 52.Kxc5 h4 53.Rh7 g5 54.Kd5 Bf6 55.c5 g4 56.c6  1-0

[Event "Open"]
[Site "Prague CZE"]
[Date "2005.01.14"]
[Round "1"]
[White "Blecha,Mir"]
[Black "Kindl,F"]
[Result "0-1"]
[WhiteElo "2158"]
[BlackElo "1968"]

1.e4 g6 2.d4 Bg7 3.Nc3 d6 4.Nf3 a6 5.Be2 Nd7 6.h4 h6 7.Be3 b5 8.Qd2 Bb7 9.a3 c5
10.d5 Ngf6 11.Bd3 Ng4 12.Bf4 Qa5 13.O-O O-O 14.Nh2 Nxh2 15.Kxh2 Ne5 16.Be2 Kh7
17.g4 e6 18.Bg3 Rae8 19.f4 Nc4 20.Bxc4 bxc4 21.f5 exd5 22.f6 Bh8 23.Bxd6 Rg8
24.exd5 Qb6 25.Be7 Rxe7 26.fxe7 Qd6+ 27.Kh3 Qxe7 28.Rae1 Qd7 29.d6 h5 30.Qf4 hxg4+
31.Qxg4 Bg2+ 32.Kg3 Qxg4+ 33.Kxg4 f5+ 34.Kf4 Bxf1 35.Rxf1 Rd8 36.Rd1 Bd4
37.Na4 Rxd6 38.Re1 Bg7 39.c3 Bh6+ 40.Ke5 Rd8 41.Rf1 Rd2 42.h5 gxh5 43.Rxf5 Bg7+
44.Ke6 Kg6 45.Rxc5 Re2+ 46.Kd7 Re4 47.Rc6+ Kf7 48.Rxa6 h4 49.Nc5 Re7+ 50.Kc8 Re8+
51.Kd7 Bf8 52.Ne6 Re7+ 53.Kc8 Rxe6 54.Ra5 Rb6 55.Rh5 Rh6 56.Rf5+ Ke7 57.Rf2 h3
58.Rh2 Kd6 59.Kb7 Kc5  0-1

[Event "Extraliga CZE 2004-5"]
[Site "Czech Rep CZE"]
[Date "2005.01.15"]
[Round "5"]
[White "Cech,P"]
[Black "Pribyl,Jo"]
[Result "1/2-1/2"]
[WhiteElo "2407"]
[BlackElo "2408"]

1.d4 g6 2.e4 Bg7 3.Nc3 d6 4.Be3 Nf6 5.Qd2 c6 6.Nf3 b5 7.Bd3 O-O 8.Bh6 a6
9.O-O Nbd7 10.Bxg7 Kxg7 11.a4 Bb7 12.e5 Ne8 13.exd6  1/2-1/2

[Event "Tch-FIN 2004-5"]
[Site "Finland FIN"]
[Date "2005.01.15"]
[Round "6"]
[White "Kulaots,K"]
[Black "Maki,V"]
[Result "1-0"]
[WhiteElo "2593"]
[BlackElo "2388"]

1.e4 g6 2.d4 Bg7 3.Nc3 d6 4.Nf3 Nf6 5.Be3 a6 6.Qe2 O-O 7.O-O-O Bg4 8.h3 Bxf3
9.Qxf3 Nc6 10.e5 Nd7 11.h4 dxe5 12.dxe5 Qc8 13.e6 Nde5 14.exf7+ Rxf7 15.Qe4 b5
16.g3 Qf5 17.Bg2 Rb8 18.h5 e6 19.hxg6 hxg6 20.Bh3 Qf6 21.f4 Nc4 22.Bxe6 Re8
23.Bxf7+ Qxf7 24.Qxc6 Nxe3 25.Rd7 Qf5 26.Nd1  1-0

[Event "Corus C"]
[Site "Wijk aan Zee NED"]
[Date "2005.01.15"]
[Round "1"]
[White "Wempe,Jo"]
[Black "Korotylev,A"]
[Result "0-1"]
[WhiteElo "2265"]
[BlackElo "2603"]

1.e4 d6 2.d4 g6 3.Nc3 Bg7 4.f4 Nf6 5.Nf3 c5 6.Bb5+ Bd7 7.e5 Ng4 8.e6 Bxb5
9.exf7+ Kd7 10.Nxb5 Qa5+ 11.Nc3 cxd4 12.Nxd4 h5 13.Qf3 Nc6 14.Ne2 Qf5 15.h3 Nh6
16.O-O Qxf7 17.Be3 Nf5 18.Bf2 Rac8 19.a4 b6 20.a5 bxa5 21.Ra4 Rb8 22.b3 Rhc8
23.Nd5 e6 24.Ndc3 d5 25.Rd1 Ke8 26.g4 hxg4 27.hxg4 Nfe7 28.Kg2 g5 29.Bg3 gxf4
30.Rxf4 Qg6 31.Rf1 Rb4 32.Rxb4 axb4 33.Nb5 Kd7 34.Rf2 e5 35.c4 Rf8 36.Qe3 d4
37.Qd2 Rxf2+ 38.Bxf2 a6  0-1

[Event "TCh-BEL 2004-5"]
[Site "Belgium BEL"]
[Date "2005.01.16"]
[Round "7"]
[White "Marechal,A"]
[Black "Deleyn,G"]
[Result "1-0"]
[WhiteElo "2258"]
[BlackElo "2285"]

1.e4 g6 2.d4 Bg7 3.Nc3 d6 4.Be3 a6 5.Qd2 b5 6.f3 Nd7 7.Nh3 Bb7 8.Nf2 c5 9.O-O-O cxd4
10.Bxd4 Ngf6 11.Ng4 Qa5 12.Kb1 e5 13.Nxf6+ Nxf6 14.Be3 b4 15.Qxd6 bxc3 16.Bc5 Nd5
17.Rxd5 Qd8 18.Rxe5+ Bxe5 19.Qxe5+ Kd7 20.Qxc3 Bc6 21.Be2 Kc8 22.Bd4  1-0

[Event "Open"]
[Site "Prague CZE"]
[Date "2005.01.17"]
[Round "5"]
[White "Priborsky,J"]
[Black "Vokac,M"]
[Result "1-0"]
[WhiteElo "2305"]
[BlackElo "2476"]

1.e4 g6 2.d4 Bg7 3.Nc3 d6 4.Be3 a6 5.f4 Nd7 6.Nf3 b5 7.Bd3 Bb7 8.e5 e6 9.a4 b4
10.Ne4 Qe7 11.a5 Nh6 12.O-O O-O 13.Qe1 Rfb8 14.Bd2 Bxe4 15.Bxe4 d5 16.Bd3 c5
17.b3 cxd4 18.Kh1 Nc5 19.Nxd4 Qb7 20.Qe2 Nf5 21.Nxf5 exf5 22.Be3 Ne6 23.Bb6 Re8
24.Qf3 Re7 25.Ra4 f6 26.exf6 Bxf6 27.Rxb4 Bc3 28.Ra4 Rc8 29.Rd1 Nc5 30.Bxc5 Rxc5
31.h3 h5 32.Bc4 dxc4 33.Qxc3 Re2 34.Rd8+ Kf7 35.Rf8+ Kxf8 36.Qh8+ Ke7 37.Qg7+ Kd6
38.Qxb7 Re4 39.Rxc4 Rexc4 40.bxc4 Rc6 41.h4 Kc5  1-0

[Event "It"]
[Site "Chernigov UKR"]
[Date "2005.01.22"]
[Round "1"]
[White "Savinov,Vi"]
[Black "Mihajlovskij,S"]
[Result "1-0"]
[WhiteElo "2482"]
[BlackElo "2411"]

1.e4 d6 2.d4 g6 3.Nc3 Bg7 4.f4 Nf6 5.Nf3 c5 6.Bb5+ Bd7 7.e5 Ng4 8.e6 Bxb5
9.exf7+ Kd7 10.Nxb5 Qa5+ 11.Nc3 cxd4 12.Nxd4 Bxd4 13.Qxd4 Nc6 14.Qc4 Qb6
15.Qe2 h5 16.Bd2 Rhf8 17.h3 Nf6 18.Qd3 Rxf7 19.Qxg6 Raf8 20.O-O-O e6 21.Rhe1 Ne7
22.Qd3 Qa6 23.Qxa6 bxa6 24.Ne4 Nxe4 25.Rxe4 Rg8 26.Rde1 Rxg2 27.Rxe6 Nd5
28.Rh6 Nxf4 29.Bxf4 Rxf4 30.Rd1 Rff2 31.Rhxd6+ Kc7 32.R6d2 Kc6 33.Rxf2 Rxf2
34.Rd3 Kc5 35.b3 a5 36.a4 Re2 37.Kb2 Rg2 38.Rf3 Rg5 39.h4 Re5 40.Rg3 Kd4
41.c3+ Ke4 42.Rg7 a6 43.Rg6 Ke3 44.Rxa6 Rf5 45.b4  1-0

[Event "Zimski Winter Open"]
[Site "Belgrade SCG"]
[Date "2005.01.23"]
[Round "2"]
[White "Paulic,B"]
[Black "Pantovic,D"]
[Result "0-1"]
[WhiteElo "2233"]
[BlackElo "2131"]

1.e4 g6 2.d4 Bg7 3.Nc3 d6 4.Be2 Nf6 5.Be3 a6 6.Qd2 b5 7.f3 Nbd7 8.a4 b4 9.Nd1 Rb8
10.a5 O-O 11.Nf2 c5 12.c3 bxc3 13.bxc3 e5 14.d5 Nh5 15.g3 f5 16.Bg5 Bf6 17.Bh6 Bg7
18.Bxg7 Nxg7 19.Ngh3 Nf6 20.Qh6 Rb3 21.O-O Rxc3 22.Rfb1 c4 23.Qd2 Rb3 24.Bxc4 Rxb1+
25.Rxb1 fxe4 26.fxe4 Bxh3 27.Nxh3 Nxe4 28.Qe3 Nc5 29.Rb6 e4 30.Nf4 Qf6 31.Kg2 Nf5  0-1

[Event "Open"]
[Site "Geneva SUI"]
[Date "2005.01.24"]
[Round "3"]
[White "Mazet,J"]
[Black "Bergez,L"]
[Result "1-0"]
[WhiteElo "2216"]
[BlackElo "2371"]

1.d4 g6 2.e4 d6 3.Nc3 Bg7 4.Nf3 Nf6 5.Be2 O-O 6.O-O c6 7.a4 a5 8.h3 Qc7 9.Be3 e5
10.dxe5 dxe5 11.Bc4 h6 12.Qe2 Nh5 13.Rfd1 Nd7 14.Qd2 g5 15.Qd6 Qxd6 16.Rxd6 Re8
17.h4 g4 18.Nh2 Nhf6 19.Nf1 Bf8 20.Rd2 Bb4 21.Ng3 Nc5 22.f3 Kg7 23.Rdd1 gxf3
24.gxf3 Bxc3 25.bxc3 Nxa4 26.Rd6 Re7 27.Kf2 Ng8 28.Rd8 Rd7 29.Nf5+ Kh7 30.Rf8 Nxc3
31.Rg1 Nd1+ 32.Ke1  1-0

[Event "ch-Kiev"]
[Site "Kiev UKR"]
[Date "2005.01.24"]
[Round "7"]
[White "Kislinsky,A"]
[Black "Moliboga,V"]
[Result "0-1"]
[WhiteElo "2406"]
[BlackElo "2314"]

1.e4 g6 2.d4 Bg7 3.Nc3 d6 4.Bg5 Nc6 5.Nge2 Nf6 6.f3 h6 7.Be3 a6 8.Qd2 b5
9.O-O-O Rb8 10.Nf4 Nd7 11.a4 bxa4 12.Bc4 Nb6 13.Bd5 Nb4 14.e5 N4xd5 15.Ncxd5 Nxd5
16.Nxd5 c6 17.Nb4 Qb6 18.c3 a3 19.exd6 exd6 20.bxa3 a5 21.d5 c5 22.Rde1 O-O
23.Bxh6 axb4 24.cxb4 cxb4 25.Bxg7 Kxg7 26.Qb2+ Kg8  0-1